Bez lásky /
Georgia nebola nikdy zamilovaná, nikdy sa s nikým nebozkávala, dokonca sa jej nikto ani len nepáčil – ale ako každá šialená romantička je presvedčená, že jedného dňa sa objaví ten pravý. Začína štúdium na univerzite a verí, že tu nájde lásku. Keď však spôsobí zmätok medzi kamarátmi, sama seba sa pýt...
Uloženo v:
| Hlavní autor: | |
|---|---|
| Médium: | E-kniha |
| Jazyk: | Czech |
| Vydáno: |
Praha :
Albatros Media Slovakia s.r.o.,
2024
|
| Tagy: |
Žádné tagy |
| LEADER | 01507nam a22002297i 4500 | ||
|---|---|---|---|
| 001 | 312382 | ||
| 007 | ta | ||
| 008 | 260601s2024 xr ||||| |||| 00| 0 cze d | ||
| 020 | |a 9788056637906 | ||
| 044 | |a xr | ||
| 100 | 1 | |a Osemanová, Alice |4 aut | |
| 245 | 1 | 0 | |a Bez lásky / |c Osemanová, Alice |
| 240 | 1 | 0 | |a Loveless |
| 264 | 1 | |a Praha : |b Albatros Media Slovakia s.r.o., |c 2024 | |
| 300 | |a 1 online zdroj (416 stran) | ||
| 336 | |a text |b txt |2 rdacontent | ||
| 337 | |a bez média |b n |2 rdamedia | ||
| 338 | |a online zdroj |b cr |2 rdacarrier | ||
| 520 | 2 | |a Georgia nebola nikdy zamilovaná, nikdy sa s nikým nebozkávala, dokonca sa jej nikto ani len nepáčil – ale ako každá šialená romantička je presvedčená, že jedného dňa sa objaví ten pravý. Začína štúdium na univerzite a verí, že tu nájde lásku. Keď však spôsobí zmätok medzi kamarátmi, sama seba sa pýta, prečo je romantika pre iných taká prirodzená, ale pre ňu nie. Georgia je zmätená viac ako kedykoľvek predtým, až napokon zistí, že pravá láska neznamená len romantický vzťah. | |
| 910 | |a RBIT002 | ||
| 998 | |d 404791 |a https://core.palmknihy.cz/api/books/404791/cover?sdarko |b https://core.palmknihy.cz/api/books/404791/cover/400?sdarko |c https://core.palmknihy.cz/api/books/404791/cover/50?sdarko |e 2028-09-08 |g 416 |i 9788056637906 |j https://core.palmknihy.cz/api/books/404791/preview.epub |k https://core.palmknihy.cz/api/books/404791/preview.pdf |l |q 49 |r 1 |s https://www.palmknihy.cz/kniha/404791 |t ebook |y 2024 |z 1 | ||
| 999 | |d 312380 | ||